Представление документа в формате RUSMARC

ПолеНазваниеЗначение
  Тип записи a
  Библиографический уровень m
001 Контрольный номер 5d53301ecf48431a93d63acee0696d09
005 Дата корректировки 20230707133311.5
010 Индекс ISBN __
a ISBN 978-5-04-100500-9
d Цена 245-85
021 № государственной регистрации __
a Код страны RU
b № документа 2018-57451
035 Другие системные номера __
a Идентификатор записи (RuMoRGB)009711926
100 Данные общей обработки __
a Данные общей обработки 20190620d2019####u##y0rusy50## ca
101 Язык документа 1_
a Язык текста rus
c Язык оригинала eng
102 Страна публикации __
a Страна публикации RU
105 Кодированные данные (монография) __
a Кодированные данные (монография) y z 000ay
200 Заглавие и сведения об ответственности 0_
a Заглавие Никогда Никогда
d Параллельное заглавие Never Never
f Первые сведения об ответственности Колин Гувер, Таррин Фишер
h Номер части Ч. 3
i Наименование части В любви можно все...
e Сведения, относящиеся к заглавию [роман]
210 Выходные данные 1_
d Дата издания 2019
a Место издания Москва
c Издательство Эксмо
215 Физическое описание __
a Объем 187, [2] с.
333 Примечание о целевом назначении __
a Примечание о целевом назначении 16+
461 Уровень набора _0
1 001RU\NLR\BIBL_A\011784253
606 Тематические рубрики __
a Основная рубрика Художественная литература
606 Тематические рубрики __
a Основная рубрика Литература Америки (произведения)
610 Ключевые слова 0_
a Ключевые слова американская литература
a Ключевые слова романы
686 Индексы других классификаций __
a Индекс ББК 84(7Сое)6-4
700 Автор _1
a Фамилия Гувер
b Имя К.
g Полное личное имя Колин
701 Альтернативная интеллектуальная ответственность (другие авторы) _1
a Фамилия Фишер
b Имя Т.
g Полное личное имя Таррин
801 Источник записи _0
a Страна RU
b Организация Центральная районная библиотека им. Г. А. Пирожникова
852 Данные о местонахождении __
j Шифр хранения 84(7Сое)6
i Авторский знак Г 934
901 Тип документа __
t Тип документа m
902 Роль лиц __
a Создатель БЗ ОКиОЛ/Струналь